000 00318pab a2200145 454500
008 180718b1986 xxu||||| |||| 00| 0 eng d
100 _aVarshneya, J.S.
245 _aBank nationalisation and after
260 _c1986
300 _a4-7,12
362 _a16 July
650 _aBanks
773 _aYojana
909 _a4273
999 _c4273
_d4273